Finite Element Analysis for Electrical Engineering/ (Record no. 201563)

MARC details
000 -LEADER
fixed length control field 00669nam a22002057a 4500
005 - DATE AND TIME OF LATEST TRANSACTION
control field 20240318145921.0
010 ## - LCCN (DPL NO)
LC control number ENG-139758
020 ## - INTERNATIONAL STANDARD BOOK NUMBER
Terms of availability 195.00
International Standard Book Number 9789381830888
035 ## - SYSTEM CONTROL NUMBER
System control number EN-123290
037 ## - SOURCE OF ACQUISITION
Source of stock number/acquisition DBAD/PUB
082 ## - DEWEY DECIMAL CLASSIFICATION NUMBER
Classification number 621.319
100 ## - MAIN ENTRY--PERSONAL NAME
Personal name Umadevi.K
245 ## - TITLE STATEMENT
Title Finite Element Analysis for Electrical Engineering/
250 ## - EDITION STATEMENT
Edition statement First Edition
260 ## - PUBLICATION, DISTRIBUTION, ETC. (IMPRINT)
Place of publication, distribution, etc Tamil Nadu
Name of publisher, distributor, etc Pallavi Sri Publications And Mass Communication Pvt. Ltd.
Date of publication, distribution, etc 2013
270 ## - ADDRESS
Address 194, Kanna Complex, 2nd Floor, Mettur Road, Erode
City Tamil Nadu
Postal code 638011
300 ## - PHYSICAL DESCRIPTION
Extent 170p.
Dimensions 21cm(pbk)
700 ## - ADDED ENTRY--PERSONAL NAME
Personal name Dr. R.Satish Kumar
9 (RLIN) 61951
942 ## - ADDED ENTRY ELEMENTS (KOHA)
Source of classification or shelving scheme Dewey Decimal Classification
Item type English Books
Call number suffix Uma
Classification part 621.319
Holdings
Withdrawn status Lost status Not for loan Collection code Home library Current library Date acquired Source of acquisition Cost, normal purchase price Full call number Barcode Copy number Cost, replacement price Koha item type
      Non-fiction Bawana Bawana 18/03/2024 DBAD 195.00 621.319 UMA EN-123290 1 195.00 English Books

© Delhi Public Library
Hit Counter
free hit counter